[Event "Hamburg-chT Landesliga 1819"]
[Site "Hamburg"]
[Date "2018.10.21"]
[Round "1.8"]
[White "Willers, Nico"]
[Black "Baberz, Alexander"]
[Result "0-1"]
[WhiteElo "1621"]
[BlackElo "1992"]
[PlyCount "74"]
[EventDate "2018.10.21"]
[EventType "team-tourn"]
[EventRounds "9"]
[EventCountry "GER"]
[SourceTitle "EXT 2020"]
[Source "ChessBase"]
[SourceDate "2019.10.17"]
[SourceVersion "1"]
[SourceVersionDate "2019.10.17"]
[SourceQuality "1"]
[WhiteTeam "Grosshansdorf"]
[BlackTeam "Hamburger SK IV"]
[WhiteTeamCountry "GER"]
[BlackTeamCountry "GER"]

1. e4 c5 2. Nc3 d6 3. g3 Nf6 4. Bg2 g6 5. Nge2 Nc6 6. 0-0 Bg7 7. d3 0-0 8. f4 Rb8 9. h3 Bd7 10. g4 b5 11. Ng3 Ne8 12. f5 Nd4 13. Bg5 Be5 14. Nge2 f6 15. Bh6 Ng7 16. fxg6 hxg6 17. Nf4 Kh7 18. Qd2 g5 19. Bxg7 Kxg7 20. Nh5+ Kg6 21. Rab1 e6 22. Ne2 Nxe2+ 23. Qxe2 b4 24. Qd2 Qa5 25. a3 Qb6 26. Kf2 bxa3 27. bxa3 Qxb1 28. Rxb1 Rxb1 29. Bf3 Rb2 30. Kg2 Ra2 31. Bd1 Rxa3 32. c3 Bxc3 33. Qc1 Ra2+ 34. Kf3 Bd4 35. Qb1 Rb2 36. Qc1 f5 37. Ng3 Rf2# 0-1

[Event "Schleswig Holstein-ch U18 Vormeister"]
[Site "Neumuenster"]
[Date "2011.04.28"]
[Round "5.4"]
[White "Winker, Fabian"]
[Black "Willers, Nico"]
[Result "1/2-1/2"]
[WhiteElo "1347"]
[BlackElo "1268"]
[PlyCount "51"]
[EventDate "2011.04.25"]
[EventType "swiss"]
[EventRounds "9"]
[EventCountry "GER"]
[SourceTitle "EXT 2022"]
[Source "ChessBase"]
[SourceDate "2021.10.06"]
[SourceVersion "1"]
[SourceVersionDate "2021.10.06"]
[SourceQuality "1"]

1. e4 d6 2. d4 Nf6 3. Nc3 g6 4. Nf3 Bg7 5. Bc4 0-0 6. Bg5 Nbd7 7. Qd2 c5 8. 0-0-0 a6 9. Bh6 b5 10. Bxg7 Kxg7 11. Bd5 Nxd5 12. Nxd5 Nb6 13. Nxb6 Qxb6 14. h4 Bg4 15. Qg5 Bxf3 16. gxf3 Qc7 17. h5 h6 18. Qe3 g5 19. Rdg1 f6 20. e5 cxd4 21. exf6+ exf6 22. Qe4 Qf7 23. Kb1 f5 24. Qxd4+ Qf6 25. Qb6 Rf7 26. f4 1/2-1/2

[Event "Schleswig Holstein-ch U16 Vormeister"]
[Site "Neumuenster"]
[Date "2010.04.09"]
[Round "7"]
[White "Funk, Moritz"]
[Black "Willers, Nico"]
[Result "1-0"]
[WhiteElo "1561"]
[BlackElo "1043"]
[PlyCount "45"]
[EventDate "2010.04.05"]
[EventType "swiss"]
[EventRounds "9"]
[EventCountry "GER"]
[SourceTitle "EXT 2023"]
[Source "ChessBase"]
[SourceDate "2022.10.05"]
[SourceVersion "1"]
[SourceVersionDate "2022.10.05"]
[SourceQuality "1"]

1. e4 e5 2. f4 exf4 3. Nf3 Nc6 4. Bc4 Nf6 5. d3 d6 6. Bxf4 Be6 7. Nbd2 Qd7 8. Qe2 Be7 9. Bb3 Na5 10. 0-0 Nxb3 11. Nxb3 Bxb3 12. axb3 0-0 13. Bg5 h6 14. Be3 a6 15. Nd4 Ng4 16. Bd2 Bf6 17. Nf5 Ne5 18. Nxh6+ gxh6 19. Rxf6 Kg7 20. Raf1 Ng4 21. R6f5 Ne5 22. Qh5 Qe6 23. d4 1-0

[Event "Schleswig Holstein-ch U14 VM"]
[Site "Neumuenster"]
[Date "2008.03.28"]
[Round "7"]
[White "Willers, Nico"]
[Black "Gamm, Daniel"]
[Result "0-1"]
[WhiteElo "751"]
[BlackElo "860"]
[PlyCount "56"]
[EventDate "2008.03.24"]
[EventType "swiss"]
[EventRounds "9"]
[EventCountry "GER"]
[SourceTitle "EXT 2009"]
[Source "ChessBase"]
[SourceDate "2008.11.26"]
[SourceVersion "1"]
[SourceVersionDate "2008.11.26"]
[SourceQuality "1"]

1. e4 e5 2. f4 exf4 3. Nf3 Nf6 4. Nc3 d5 5. exd5 Nxd5 6. Bc4 Nxc3 7. dxc3 Qxd1+ 8. Kxd1 Bd6 9. Re1+ Kf8 10. Re4 Bf5 11. Rd4 Nc6 12. Rd2 Ne5 13. Nxe5 Bxe5 14. Rf2 Rd8+ 15. Ke2 Bg4+ 16. Rf3 Bxf3+ 17. Kxf3 g5 18. g3 fxg3 19. Bxg5 f6 20. Bh4 gxh2 21. Rf1 Kg7 22. Bg3 Rd2 23. Bd3 Bxg3 24. Kxg3 Kh6 25. Kf4 Rg8 26. Ke3 Rxd3+ 27. cxd3 Rg1 28. Rxf6+ Kg5 0-1